| 000 | 01344cam a2200373 a 4500 | ||
|---|---|---|---|
| 001 | 13610 | ||
| 003 | BD-RjUL | ||
| 005 | 20211208235500.0 | ||
| 008 | 140201r19921967nyu 000 1 eng | ||
| 020 | _a0679736638 : | ||
| 035 | _a(BD-RjUL)13662 | ||
| 040 |
_aDLC _cDLC _dDLC _dOCoLC _dDLC _dBD-RjUL _beng |
||
| 041 | _aeng | ||
| 082 | 0 | 0 |
_a813.54 _220 _bSTC 1993 |
| 100 | 1 |
_aStyron, William, _d1925-2006. _942584 |
|
| 245 | 1 | 4 |
_aThe confessions of Nat Turner / _cWilliam Styron. |
| 250 | _a1st Vintage international ed. | ||
| 260 |
_aNew York : _bVintage Books, _c1993 [i.e. 1992] |
||
| 300 |
_axviii, 455 p. ; _c21 cm. |
||
| 500 | _aOriginally published: New York : Random House, 1967. | ||
| 600 | 1 | 0 |
_aTurner, Nat, _d1800?-1831 _942596 |
| 650 | 0 |
_aSouthampton Insurrection, 1831 _vFiction. _942586 |
|
| 650 | 0 |
_aSlave insurrections _vFiction. _942587 |
|
| 650 | 0 |
_aAfrican American men _vFiction. _942477 |
|
| 650 | 0 |
_aAfrican Americans _vFiction. _942588 |
|
| 650 | 0 |
_aSlaves _vFiction. _942589 |
|
| 651 | 0 |
_aVirginia _xHistory _y1775-1865 _vFiction. _942590 |
|
| 655 | 7 |
_aBiographical fiction. _2gsafd _942597 |
|
| 655 | 7 |
_aHistorical fiction. _2gsafd _942598 |
|
| 856 | 4 | 2 |
_3Publisher description _uhttp://www.loc.gov/catdir/description/random048/91050738.html |
| 942 |
_2ddc _cBK |
||
| 999 |
_c13610 _d13610 |
||